[Event "87th ch-FRA 2012"]
[Site "Pau FRA"]
[Date "2012.08.20"]
[Round "7"]
[White "Bauer, Ch"]
[Black "Lagarde, Max"]
[Result "1-0"]
[WhiteElo "2682"]
[BlackElo "2505"]
[PlyCount "65"]
[EventDate "2012.08.13"]
[SourceDate "1999.07.01"]

1. e4 c5 2. Nf3 Nc6 3. Bb5 d6 4. O-O Bd7 5. Re1 Nf6 6. h3 a6 7. Bf1 e6 8. c3
Be7 9. d4 cxd4 10. cxd4 d5 11. e5 Ne4 12. Nc3 Nxc3 13. bxc3 Rc8 14. Nh2 h5 15.
Re3 Na5 16. Rb1 b5 17. Rg3 Bh4 18. Rxg7 Kf8 19. Rg3 Bxg3 20. fxg3 Rxc3 21. Bd2
Rc8 22. g4 Nc4 23. Bb4+ Kg7 24. gxh5 Qg5 25. Rb3 a5 26. Qe1 axb4 27. Rg3 Rxh5
28. Rxg5+ Rxg5 29. Qh4 Rf5 30. Bd3 Nb2 31. Bxf5 exf5 32. Qf6+ Kf8 33. Nf3 1-0

[Event "16th Izmailov Mem"]
[Site "Tomsk RUS"]
[Date "2012.08.10"]
[Round "4.2"]
[White "Kokarev, Dm"]
[Black "Belozerov, A."]
[Result "1/2-1/2"]
[WhiteElo "2608"]
[BlackElo "2504"]
[PlyCount "37"]
[EventDate "2012.08.07"]
[SourceDate "1999.07.01"]

1. e4 c5 2. Nf3 Nc6 3. d4 cxd4 4. Nxd4 Nf6 5. Nc3 d6 6. Bg5 e6 7. Qd2 Be7 8.
O-O-O O-O 9. f4 Nxd4 10. Qxd4 Qa5 11. Bc4 Bd7 12. e5 dxe5 13. fxe5 Bc6 14. Bd2
Bc5 15. Qh4 Nd7 16. Nd5 Qa4 17. Nc3 Qa5 18. Nd5 Qa4 19. Nc3 1/2-1/2

[Event "16th Izmailov Mem"]
[Site "Tomsk RUS"]
[Date "2012.08.11"]
[Round "5.1"]
[White "Bocharov, D."]
[Black "Kokarev, Dm"]
[Result "1/2-1/2"]
[WhiteElo "2597"]
[BlackElo "2608"]
[PlyCount "26"]
[EventDate "2012.08.07"]
[SourceDate "1999.07.01"]

1. Nf3 c5 2. e4 Nc6 3. d4 cxd4 4. Nxd4 Nf6 5. Nc3 e5 6. Ndb5 d6 7. Bg5 a6 8.
Na3 b5 9. Nd5 Qa5+ 10. Bd2 Qd8 11. Bg5 Qa5+ 12. Bd2 Qd8 13. Bg5 Qa5+ 1/2-1/2

[Event "2nd Riga Tech Open"]
[Site "Riga LAT"]
[Date "2012.08.09"]
[Round "5.3"]
[White "David, Alb"]
[Black "Markos, J."]
[Result "1/2-1/2"]
[WhiteElo "2595"]
[BlackElo "2559"]
[PlyCount "55"]
[EventDate "2012.08.06"]
[SourceDate "1999.07.01"]

1. e4 c5 2. Nf3 Nc6 3. Bb5 d6 4. O-O Bd7 5. Re1 Nf6 6. c3 a6 7. Ba4 c4 8. Na3
b5 9. Bc2 g6 10. b3 cxb3 11. axb3 Bg7 12. d4 b4 13. cxb4 Nxb4 14. e5 Nxc2 15.
Nxc2 dxe5 16. dxe5 Ng4 17. Ncd4 O-O 18. h3 Nh6 19. e6 Bxe6 20. Bxh6 Bxh6 21.
Nxe6 fxe6 22. Rxe6 Qxd1+ 23. Rxd1 Ra7 24. Ne5 Rf6 25. Rxf6 exf6 26. Rd8+ Kg7
27. Nd3 Kf7 28. Kf1 1/2-1/2

[Event "81st ch-UKR 2012"]
[Site "Kiev UKR"]
[Date "2012.08.01"]
[Round "6.1"]
[White "Fedorchuk, S."]
[Black "Kuzubov, Y."]
[Result "1-0"]
[WhiteElo "2634"]
[BlackElo "2623"]
[PlyCount "67"]
[EventDate "2012.07.27"]
[SourceDate "1999.07.01"]

1. e4 c5 2. Nf3 Nc6 3. Bb5 d6 4. O-O Bd7 5. Re1 Nf6 6. c3 a6 7. Bf1 Bg4 8. h3
Bxf3 9. Qxf3 g6 10. d3 Bg7 11. Be3 O-O 12. Nd2 Nd7 13. Qd1 b5 14. Nf3 b4 15.
Qa4 Qc7 16. d4 Rfb8 17. Rac1 Nb6 18. Qc2 bxc3 19. bxc3 Na5 20. Nd2 e6 21. g3
Qd7 22. dxc5 dxc5 23. Bxc5 Qc6 24. Bd4 Nac4 25. e5 Qc7 26. Bg2 Nxd2 27. Bxa8
Nbc4 28. Bg2 Rb2 29. Qa4 h5 30. Rc2 h4 31. Rxb2 Nxb2 32. Qxa6 Nbc4 33. Qa8+ Kh7
34. Qb7 1-0

[Event "45th Biel Masters Open"]
[Site "Biel SUI"]
[Date "2012.07.25"]
[Round "3"]
[White "Bok, B."]
[Black "Edouard, R."]
[Result "1/2-1/2"]
[WhiteElo "2512"]
[BlackElo "2646"]
[PlyCount "64"]
[EventDate "2012.07.23"]
[SourceDate "1999.07.01"]

1. e4 c5 2. Nf3 Nc6 3. Bb5 Nf6 4. Bxc6 bxc6 5. e5 Nd5 6. O-O g6 7. c4 Nc7 8. d4
cxd4 9. Qxd4 Bb7 10. e6 f6 11. exd7+ Qxd7 12. Qxd7+ Kxd7 13. Rd1+ Kc8 14. Nc3
c5 15. Nd5 Nxd5 16. cxd5 Kd7 17. Be3 Rc8 18. Rac1 e6 19. dxe6+ Kxe6 20. Ne1 Bd6
21. Nd3 c4 22. Nf4+ Bxf4 23. Bxf4 Rhd8 24. Bd2 Be4 25. Ba5 Rxd1+ 26. Rxd1 Bd3
27. Bc3 Kf7 28. Re1 Rc6 29. f4 Re6 30. Kf2 Rxe1 31. Bxe1 Ke6 32. Ke3 Kd5
1/2-1/2

[Event "45th Biel Masters Open"]
[Site "Biel SUI"]
[Date "2012.07.27"]
[Round "5"]
[White "Kurnosov, I."]
[Black "Maze, S."]
[Result "1-0"]
[WhiteElo "2663"]
[BlackElo "2573"]
[PlyCount "123"]
[EventDate "2012.07.23"]
[SourceDate "1999.07.01"]

1. e4 c5 2. Nf3 Nc6 3. d4 cxd4 4. Nxd4 g6 5. c4 Bg7 6. Be3 Nf6 7. Nc3 O-O 8.
Be2 d6 9. O-O Bd7 10. Qd2 Nxd4 11. Bxd4 Bc6 12. f3 a5 13. b3 Nd7 14. Bf2 Nc5
15. Rab1 Qc7 16. Rfc1 Rfc8 17. Bd1 Qd8 18. a3 Nd7 19. Be2 Nc5 20. Bd1 Nd7 21.
Ne2 b6 22. Nd4 Bb7 23. Be2 Qf8 24. Be3 h5 25. Nb5 Nc5 26. b4 axb4 27. axb4 Nd7
28. Bf1 Kh7 29. Qf2 Bh6 30. Ra1 Bxe3 31. Qxe3 Qg7 32. Nc3 Qh6 33. Kf2 Rxa1 34.
Rxa1 Ra8 35. Rxa8 Bxa8 36. h4 Bc6 37. Qxh6+ Kxh6 38. g3 Kg7 39. Ke3 e6 40. f4
Kf8 41. Be2 Ke7 42. Bd1 Kd8 43. Ba4 Bxa4 44. Nxa4 f5 45. e5 dxe5 46. fxe5 Nxe5
47. Nxb6 Kc7 48. c5 Kc6 49. Nc8 Kb5 50. Ne7 Nc4+ 51. Kf4 e5+ 52. Kg5 Kxb4 53.
c6 Kc5 54. c7 Nb6 55. c8=Q+ Nxc8 56. Nxc8 e4 57. Kf4 Kd4 58. Ne7 e3 59. Kf3 f4
60. Nxg6 fxg3 61. Nf4 Ke5 62. Kxe3 1-0

[Event "23rd Czech Open A"]
[Site "Pardubice CZE"]
[Date "2012.07.28"]
[Round "9.4"]
[White "Votava, J."]
[Black "Kononenko, Dmitry1"]
[Result "1/2-1/2"]
[WhiteElo "2520"]
[BlackElo "2608"]
[PlyCount "113"]
[EventDate "2012.07.12"]
[SourceDate "1999.07.01"]

1. e4 c5 2. Nf3 Nc6 3. d4 cxd4 4. Nxd4 Nf6 5. Nc3 d6 6. Bc4 e6 7. Be3 a6 8. Bb3
Qc7 9. f4 Na5 10. O-O b5 11. f5 e5 12. Nde2 Bb7 13. Nd5 Nxd5 14. Bxd5 Nc4 15.
Bc1 Qc5+ 16. Kh1 Bxd5 17. Qxd5 Qxd5 18. exd5 Be7 19. a4 Kd7 20. a5 Bd8 21. f6
gxf6 22. Ng3 Rg8 23. Ne4 Rg6 24. b4 Rg4 25. Nxf6+ Bxf6 26. Rxf6 Ke7 27. Rf2
Rag8 28. c3 R8g6 29. Raa2 Re4 30. Rf1 Reg4 31. Raf2 f6 32. Re2 h5 33. Rf5 h4
34. Rh5 Kf7 35. Rh8 Rg8 36. Rh7+ R8g7 37. Rh8 f5 38. Ra8 h3 39. g3 Re4 40. Rxe4
fxe4 41. Kg1 Kg6 42. Rf8 e3 43. Kf1 Rf7+ 44. Rxf7 Kxf7 45. Ke2 Kf6 46. g4 e4
47. Bxe3 Ke5 48. Kf2 Kxd5 49. Bd4 Na3 50. Kg3 Nc2 51. Bf6 Ke6 52. Bd8 d5 53.
Bb6 Ke5 54. Bc7+ Kf6 55. Bd8+ Ke6 56. Bb6 Ke5 57. Bc7+ 1/2-1/2

[Event "ACP Golden Classic"]
[Site "Amsterdam NED"]
[Date "2012.07.16"]
[Round "3"]
[White "Muzychuk, A."]
[Black "Jobava, Ba"]
[Result "1/2-1/2"]
[WhiteElo "2606"]
[BlackElo "2730"]
[PlyCount "80"]
[EventDate "2012.07.14"]
[SourceDate "1999.07.01"]

1. e4 c5 2. Nf3 Nc6 3. Bb5 d6 4. O-O Bd7 5. Re1 Nf6 6. h3 e6 7. c3 Be7 8. d4
cxd4 9. cxd4 d5 10. e5 Ne4 11. Nbd2 Nxd2 12. Bxd2 Qb6 13. a4 O-O 14. Bc3 Rfc8
15. Qd2 a6 16. Bd3 a5 17. Nh2 Nb4 18. Bb1 Qd8 19. Ng4 h5 20. Ne3 Ra6 21. f4 h4
22. f5 Bg5 23. Qf2 Rac6 24. Qf3 Rxc3 25. bxc3 Rxc3 26. f6 gxf6 27. Qh5 f5 28.
Ng4 Kg7 29. Kh1 Nc6 30. Rd1 Be8 31. Ra2 fxg4 32. Rf2 g3 33. Rff1 Be3 34. Rf6
Nxd4 35. Qh7+ Kf8 36. Bg6 Qc7 37. Qh8+ Ke7 38. Bxf7 Bxf7 39. Qg7 Ke8 40. Qh8+
Ke7 1/2-1/2

[Event "Turkish Bank Chess League 2012"]
[Site "Konya TUR"]
[Date "2012.07.21"]
[Round "12"]
[White "Safarli, E."]
[Black "Solak, D."]
[Result "1/2-1/2"]
[WhiteElo "2623"]
[BlackElo "2589"]
[PlyCount "49"]
[EventDate "2012.07.11"]
[SourceDate "1999.07.01"]
[WhiteTeam "Antalya Calli"]
[BlackTeam "Besiktas Jimnastik"]

1. e4 c5 2. Nf3 Nc6 3. Bb5 d6 4. O-O Bd7 5. Re1 Nf6 6. c3 a6 7. Bf1 Bg4 8. h3
Bxf3 9. Qxf3 e6 10. d3 Be7 11. Nd2 O-O 12. Qd1 d5 13. e5 Nd7 14. Nf3 b5 15. d4
c4 16. g3 b4 17. h4 bxc3 18. bxc3 Qa5 19. Qc2 Rfb8 20. Bd2 Ra7 21. Rab1 Rab7
22. Rxb7 Rxb7 23. h5 Qb5 24. Be2 Qb2 25. Qa4 1/2-1/2